000 00452nam a2200121Ia 4500
008 171212s9999 xx 000 0 und d
020 _a9781846317538
245 _ceditor Munro, Martin;Britton, Celia
_aAmerican Creoles
_bThe Francophone Caribbean and the American South
260 _bLiverpool University Press
_c2012
440 _aFrancophone Postcolonial Studies
650 _aLanguage & Literature
856 _uhttp://www.jstor.org/stable/j.ctt5vjd80
999 _c351488
_d351488